00722nam a2200241 a 4500001000700000003000500007005001700012007000300029008004100032010001100073020001800084040001200102082001600114245011700130260004400247300001100291503001700302650002400319650004200343700002700385700003200412700003600444Z_4654CHAP20230427100824.0ta220113s2000 ne ad fr 001 0 eng d a167729 a9-07-41347-85 cCHAPaZ a636.085 M6800aFeed evaluation: bprinciples and practice /ceditores P. J. Moughan, M.W.A. Verstegen y M. I. Visser-Reyneveld aPaíses Bajos:bWageningen Pers,c2000 a285 p. aEj.1: 216825 aNutrición animal  7aAlimentos y alimentación del ganado1 aMoughan, P. J.eeditor1 aVerstegen, M. W. A.eeditor1 aVisser-Reyneveld, M. I.eeditor